[Event "EU-ch 4th"]
[Site "Istanbul"]
[Date "2003.06.07"]
[Round "8"]
[White "Milov, Vadim"]
[Black "Smirnov, Pavel"]
[Result "1/2-1/2"]
[WhiteElo "2574"]
[BlackElo "2615"]
[Annotator "Lutz,C"]
[PlyCount "138"]
[EventDate "2003.05.30"]
[EventType "swiss"]
[EventRounds "13"]
[EventCountry "TUR"]
[SourceTitle "CBM 096"]
[Source "ChessBase"]
[SourceDate "2003.09.25"]
[SourceVersion "1"]
[SourceVersionDate "2003.09.25"]
[SourceQuality "1"]

1. d4 d5 2. c4 e6 3. Nc3 c6 4. e3 Nf6 5. Nf3 Nbd7 6. Bd3 dxc4 7. Bxc4 b5 8. Bd3
Bb7 9. e4 b4 10. Na4 c5 11. e5 Nd5 12. dxc5 Nxc5 13. Nxc5 Bxc5 14. O-O h6 15.
Nd2 O-O 16. Ne4 Bd4 17. Nd6 Bc6 18. Bh7+ Kxh7 19. Qxd4 f6 20. Bd2 fxe5 21. Qxe5
(21. Qe4+ {0-1 Radjabov,T-Shirov,A/Sarajevo 2003/CBM 96/[Lutz] (51)}) 21... Qd7
(21... Qf6 $2 {Mein Eindruck ist, dass Damentausch dem Weißen in die Hände
spielt, da dann die Schwächen in der schwarzen Struktur offenkundig werden.}
22. Qxf6 Rxf6 23. Rac1 Bd7 24. Rfe1 Raf8 (24... Rb8 25. f3 Rb6 26. Ne4 Rf8 27.
Nc5 Bc8 28. Re4 $16 {1-0 Sasikiran,K-Ippolito,D/Hampstead 1998/EXT 99 (50)})
25. f3 g5 26. Ne4 Rg6 27. Nc5 Bc8 28. Nd3 $16 {1-0 Milov,V-Smirnov,P/Panormo
2002/CBM 90 ext (48)}) 22. Nc4 (22. Rfe1 Rad8 23. Ne4 (23. Qxe6 $2 Qxd6 $1)
23... Rf5 24. Qd4 Nf4 {Jetzt bietet Schwarz selbst Damentausch an, da nun
seine Figuren sehr aktiv stehen.} 25. Qxd7 Rxd7 26. Bxf4 Rxf4 27. f3 Bxe4 28.
Rxe4 Rxe4 29. fxe4 Kg6 $15 {0-1 Lesiege,A-Akopian,V/Bled 2002/EXT 2003 (43)}) (
22. Rac1 Rad8 23. Nc4 Nb6 24. Nxb6 Qxd2 25. Nc4 Qd5 26. Qxd5 exd5 27. Ne5 Bb5
$132 {0-1 Thorhallsson,T-Dreev,A/Reykjavik 1990/CBM 18 ext (47)}) 22... Rad8
23. Rfe1 $6 (23. Rac1 $5 {- 22.Rac1 Rad8 23.Nc4}) 23... Nb6 $1 {Damit hat
Schwarz seine Probleme endgültig gelöst (wenn er denn welche hatte) und fängt
an, auf Vorteil zu spielen..} 24. Nd6 Nc8 25. Nc4 Nb6 26. Nd6 Qxd6 27. Qxd6
Rxd6 28. Bxb4 Rfd8 29. Bxd6 Rxd6 $15 30. Red1 Nd5 31. b4 Kg6 32. Rac1 Kf6 33.
a3 Ke7 34. f3 Bd7 35. Rc5 Rb6 36. Kf2 g5 37. Ra5 a6 38. Rc5 Rb8 39. Rd4 Bb5 40.
h4 Rf8 41. Rc1 Kd6 42. hxg5 hxg5 43. Rg4 Rf5 44. Rc8 Re5 45. Re4 Rxe4 46. fxe4
Nb6 47. Rc5 e5 48. Kf3 Nd7 49. Rc8 Bc6 50. Rd8 Kc7 51. Rg8 Bxe4+ 52. Kf2 Kd6
53. Rxg5 Nf6 54. Rg7 Nd5 55. Ke2 Nf4+ 56. Kf2 Bd3 57. Ke3 Bf1 58. Rh7 Nd5+ 59.
Kf2 Bd3 60. Rh8 e4 61. Re8 Kd7 62. Re5 Kd6 63. Re8 Kd7 64. Re5 Nf6 65. Rg5 Ke6
66. Ke3 Nd5+ 67. Kd4 Ne7 68. g4 Nc6+ 69. Ke3 Ne5 1/2-1/2

[Event "Madrid Magistral 6th"]
[Site "Madrid"]
[Date "1997.05.30"]
[Round "8"]
[White "Piket, Jeroen"]
[Black "Illescas Cordoba, Miguel"]
[Result "1-0"]
[WhiteElo "2640"]
[BlackElo "2635"]
[Annotator "Lutz,C"]
[PlyCount "49"]
[EventDate "1997.06.??"]
[EventType "tourn"]
[EventRounds "9"]
[EventCountry "ESP"]
[EventCategory "17"]
[SourceTitle "CBM 059"]
[Source "ChessBase"]
[SourceDate "1997.08.01"]
[SourceVersion "1"]
[SourceVersionDate "1997.08.01"]
[SourceQuality "1"]

1. d4 d5 2. c4 c6 3. Nf3 Nf6 4. Nc3 e6 5. e3 Nbd7 6. Bd3 dxc4 7. Bxc4 b5 8. Bd3
Bb7 9. O-O b4 10. Ne4 c5 $6 {Diese Variante genießt zu Recht keinen guten Ruf.}
(10... Be7 $142) 11. Nxf6+ gxf6 12. Qe2 (12. e4 $5 cxd4 13. Nxd4 Bc5 14. Be3
Qb6 15. Bb5 Rd8 (15... Bxd4 $2 16. Bxd7+ $18) 16. Nxe6 $1 fxe6 17. Bxd7+ Ke7 {
Saglchik,G-Zamora,J (USA 1995)} 18. Bxc5+ $1 Qxc5 19. Qg4 Qe5 20. Qg7+ Kd6 21.
Rfd1+ Kc7 22. Be8+ $1 $18 {Shamkovich; Sloan}) 12... Rg8 (12... Qb6 $5 {
1/2-1/2 Renet,O-Prie,E/Clichy 1993 (57)}) 13. e4 cxd4 14. Nxd4 Bc5 15. Nb3 Bd6
16. Rd1 Qc7 17. g3 Ne5 18. Be3 $16 {Die Scheinaktivität der scharzen Figuren
kann nicht die Bauernschwächen an beiden Flügeln kompensieren.} Nxd3 $6 (18...
Rd8 19. Rac1 Qb8 $16 {ist zäher.}) 19. Qxd3 Rd8 20. Rac1 Qb8 21. Qb5+ Ke7 22.
Bc5 Bxc5 23. Qxc5+ (23. Nxc5 $5 Ba8 24. Rd7+ Rxd7 25. Qxd7+ Kf8 26. Nxe6+ fxe6
27. Rc8+ {(Fritz) war auch nicht von der Hand zu weisen.}) 23... Rd6 24. Rxd6
Qxd6 25. Qxa7 1-0

[Event "RUS-chT 07th"]
[Site "Smolensk"]
[Date "2000.04.15"]
[Round "1"]
[White "Dyachkov, Sergej"]
[Black "Dreev, Alexey"]
[Result "0-1"]
[WhiteElo "2532"]
[BlackElo "2680"]
[Annotator "Lutz,C"]
[PlyCount "160"]
[EventDate "2000.04.15"]
[EventType "team-tourn"]
[EventRounds "11"]
[EventCountry "RUS"]
[SourceTitle "CBM 077"]
[Source "ChessBase"]
[SourceDate "2000.07.27"]
[SourceVersion "1"]
[SourceVersionDate "2000.07.27"]
[SourceQuality "1"]
[WhiteTeam "Saratov GShK"]
[BlackTeam "Maykop Universitet"]
[WhiteTeamCountry "RUS"]
[BlackTeamCountry "RUS"]

1. d4 d5 2. c4 c6 3. Nf3 Nf6 4. Nc3 e6 5. e3 Nbd7 6. Bd3 dxc4 7. Bxc4 b5 8. Bd3
Bb7 9. e4 b4 10. Na4 c5 11. e5 Nd5 12. O-O cxd4 13. Re1 Be7 $5 {Es ist
beachtenswert, dass Semi-Slawisch-Experte Dreev von der Hauptvariante 13...g6
abweicht. Nach 13...Le7 waren die schwarzen Ergebnisse bislang weniger
erfreulich.} 14. Nxd4 O-O 15. Qh5 (15. Qg4 $5 Re8 (15... Kh8 16. Qh3 g6 17. Bh6
Re8 18. Bb5 Rc8 19. Qf3 Kg8 20. Qg4 Rc7 21. Rac1 Rxc1 22. Rxc1 Nxe5 23. Qe4 Bg5
24. Bxg5 Qxg5 25. Re1 Rc8 26. Qxe5 Qxe5 27. Rxe5 Rc1+ 28. Bf1 Ba6 29. Ne2 Nf4
30. Nxc1 {1-0 Dorfman,J-Bednarski,J/Polanica Zdroj 1978/MCD (30)}) 16. Bh6 Bf8
17. Bg5 Be7 18. h4 Rc8 19. a3 Bxg5 20. hxg5 bxa3 21. Rxa3 a6 22. Bxh7+ Kxh7 23.
Qh5+ Kg8 24. Rh3 Kf8 25. Rf3 f5 26. Qh8+ Kf7 27. g6+ {1-0 Scheeren,P-Cuijpers,
F/Hilversum 1984/MCD (27)}) 15... g6 16. Qh6 Nxe5 $1 {Nach diesem
vorübergehenden Opfer geht der Vorteil an Schwarz über.} 17. Rxe5 Nf6 $1 18.
Qf4 (18. Be3 Ng4 19. Qf4 Nxe5 20. Qxe5 Bf6 21. Qc5 (21. Qf4 e5 $19) 21... e5
$19) 18... Bd6 19. Qg3 (19. Nc5 Bd5 20. Ndb3 {1/2-1/2 Greenfeld,A-Speelman,J/
Tilburg 1992/CBM 32 (20)} Bxb3 21. axb3 Bxc5 22. Rxc5 Qxd3 $17) 19... Nd7 20.
Bf4 Qf6 21. Be4 (21. Rae1 Nxe5 22. Bxe5 Bxe5 23. Rxe5 (23. Qxe5 Qxe5 24. Rxe5
Rfd8 $19) 23... Rfd8 24. Qe3 Rxd4 25. Qxd4 Rd8 26. Qe3 Rxd3 27. Qxd3 Qxe5 $19)
21... Bxe5 22. Bxe5 Nxe5 23. Bxb7 Rad8 24. Nc6 Nxc6 25. Bxc6 Qf5 $15 {[%csl
Ra4] Die Stellung hat sich geklärt. Schwarz hat Turm und Bauer gegen zwei
Leichtfiguren. Aber der Na4 steht abseits, was Schwarz zum Vorteil gereicht.}
26. Qb3 Rd4 27. Bf3 Rc8 28. Qe3 e5 29. h3 Rc7 30. Re1 f6 31. Qb3+ Kg7 32. Bg4
Qc2 33. Qxc2 Rxc2 34. Be6 h5 35. Bb3 Rc7 36. Kf1 h4 37. Rd1 Rxd1+ 38. Bxd1 e4
39. Ke2 f5 40. Kd2 Kf6 41. b3 {Endlich kommt der weiße Springer wieder ins
Spiel, aber in der Zwischenzeit hat Schwarz seinen König zentralisiert und die
Bauern am Königsflügel vorgerückt.} Rd7+ 42. Ke1 Rd6 43. Be2 Ke5 44. Nb2 Kd4
$17 45. Kd2 g5 46. Nd1 f4 47. Nb2 Rc6 48. Nd1 Rc5 49. Nb2 e3+ 50. fxe3+ fxe3+
51. Kd1 Ra5 52. Na4 Rf5 53. Nb2 Rf2 54. Nd3 Rxg2 55. Ne1 Rg3 56. Bg4 Kc3 57.
Ke2 a5 58. Nf3 Kb2 59. Kxe3 Kxa2 60. Be6 Ka3 61. Kf2 Kb2 62. Ke3 Rg2 63. Nd2
Kc2 64. Nf3 Kc3 65. Nd4 Kb2 66. Nf3 Ka3 67. Nd2 Rg3+ 68. Ke2 Rc3 69. Nb1+ Kb2
70. Nd2 Rc6 71. Bf5 Kc3 72. Ke3 Ra6 73. Ne4+ Kb2 74. Nd2 Ra7 75. Kd3 Ra8 76.
Ke3 Re8+ 77. Kd3 Rd8+ 78. Ke3 Kc3 79. Ne4+ Kxb3 80. Nxg5 a4 0-1

[Event "Hoogovens"]
[Site "Wijk aan Zee"]
[Date "1999.01.26"]
[Round "9"]
[White "Kasimdzhanov, Rustam"]
[Black "Van Wely, Loek"]
[Result "1-0"]
[WhiteElo "2595"]
[BlackElo "2636"]
[Annotator "Lutz,C"]
[PlyCount "85"]
[EventDate "1999.01.16"]
[EventType "tourn"]
[EventRounds "13"]
[EventCountry "NED"]
[EventCategory "17"]
[SourceTitle "CBM 069"]
[Source "ChessBase"]
[SourceDate "1999.04.01"]
[SourceVersion "1"]
[SourceVersionDate "1999.04.01"]
[SourceQuality "1"]

1. d4 {Cifuentes} Nf6 2. c4 c6 3. Nc3 d5 4. e3 e6 5. Nf3 Nbd7 6. Bd3 dxc4 7.
Bxc4 b5 8. Be2 Bb7 9. e4 ({Gewöhnlich wird} 9. O-O {gespielt, z.B.} Be7 (9...
a6 10. e4 b4 11. e5 bxc3 12. exf6 Nxf6 13. bxc3 Bd6) 10. e4 b4 11. e5 bxc3 12.
exf6 Nxf6 (12... Bxf6) 13. bxc3 O-O 14. Rb1 Qc7 15. Bf4 Qxf4 16. Rxb7) 9... b4
10. e5 bxc3 (10... Nd5 {Cifuentes} 11. Ne4 h6 12. Nfd2 N5b6 13. O-O c5 14. dxc5
Bxc5 15. Nxc5 Nxc5 16. Bb5+ Ncd7 17. Nb3 a6 18. Nc5 Bc8 19. Bc6 Ra7 20. Qg4 Kf8
21. Qxb4 Qe7 22. Be3 Rc7 $16 {Garcia Padron-Lezkano, Fuerteventura 1992}) 11.
exf6 Nxf6 (11... cxb2 {Cifuentes} 12. fxg7 Bxg7 $5 (12... bxa1=Q $6 13. gxh8=Q
Qa5+ 14. Nd2 (14. Bd2 Qxd1+ 15. Bxd1 Qf5 16. O-O O-O-O 17. d5 Bd6 18. Qd4 c5
19. Qa4 Qxd5 20. Be2 Rg8 21. Rd1 Qe4 22. Qxe4 Bxe4 23. Ng5 Bd5 24. f3 f5 25.
Nxh7 Be7 $17 {Pliester-Dreev, New York 1989. D47 (25)}) 14... Qf5 (14... c5 15.
O-O Qxd4 16. Qxh7 (16. Nb3 Qxh8 17. Nxa5 Bd5 $8 18. Bf3 Qd4 19. Qxd4 cxd4 20.
Bxd5 exd5 21. Re1+ Kd8 22. Nc6+ $11 {Catalbashev-Sveshnikov, Anapa 1991}) 16...
Qxa2 (16... Qc7 17. Bf3 Nf6 18. Qh3 Nd5 19. Ne4 Qxd1 20. Rxd1 O-O-O 21. Bg5 Be7
22. Bxe7 Qxe7 23. Qh6 Kb8 24. Rc1 Rc8 25. Qg7 e5 26. Bg4 f5 $1 $17 {
Lukov-Conquest, Tbilisi 1988}) 17. Bc4 Qaa1 18. Bxe6 O-O-O 19. Qxf7 Bd6 20. Nc4
Bc7 21. Bd5 Ba6 22. Qxd4 Qxd4 23. Bb2 Qd3 24. Qe6 $18 {Sadler-Payen, Hastings
1990}) 15. O-O O-O-O 16. Qb3 Nc5 (16... Bd6 17. Nc4 Be7 18. Qg7 Nc5 19. Qb4 Bh4
20. Be3 $18 {Koziak-Vidoniak, USSR 1991}) 17. Qb4 (17. Qa3 Qxd4 18. Qxd4 Rxd4
19. Nc4 Qc2 20. Qf3 Nd7 21. Be3 c5 22. Qxf7 Qxe2 23. Bxd4 Qe4 24. Qxf8+ $18 {
Capape-San Segundo, Ibercaja 1992}) 17... Qc2 (17... Nd7 18. Qb3 $11 {
Sadler-Neverov, Hastings 1991}) 18. Qf6 Qcc3 19. Qxc3 Qxc3 20. Nf3 Ne4 21. Qxf7
c5 22. Bf4 Bd6 23. Qxe6+ Kb8 24. Bxd6+ Nxd6 25. Qe7 Qa5 26. dxc5 Nc8 27. Qe5+
$18 {Sadler-Kaidanov,Andorra 1991}) 13. Bxb2 O-O 14. O-O c5 15. dxc5 Bxb2 16.
Rb1 Bf6 17. Rxb7 $11 {Garcia D-Illescas, Spanish 1991}) 12. bxc3 Be7 $6 (12...
Bd6 $11 {nebst ...0-0, ...Qc7, ...c6-c5 gleicht ohne Probleme aus.}) (12... Bd6
$142 $1 {Cifuentes} 13. O-O (13. Qb3 Qc7 14. Ba3 Bxa3 15. Qxa3 Qe7 16. Qa5 O-O
17. O-O c5 18. dxc5 Rfc8 19. Rab1 Ne4 20. c6 Rxc6 21. Nd4 Rcc8 22. Bf3 Nc5 23.
Bxb7 Nxb7 24. Qb4 Nc5 25. Nb3 g6 26. Rfd1 Rab8 27. Qd4 e5 28. Qe3 Na4 29. Rbc1
Nb2 30. Rd5 Nc4 31. Qd3 Qa3 32. Rc2 a5 33. h4 a4 34. Nd2 Nxd2 {1/2-1/2
Sherbakov,R-Sakaev,K/Helsinki 1992/CBM 32 (34)}) (13. Bg5 O-O 14. Rb1 Rb8 15.
O-O Ba8 16. Qa4 Qc7 17. Bxf6 gxf6 18. c4 Rxb1 19. Rxb1 Rb8 20. Rxb8+ Qxb8 21.
c5 Bf8 22. Qc2 Qb4 23. h3 Bb7 24. Qe4 Qb2 25. Bd3 Qc1+ 26. Kh2 Qh6 27. Qg4+ Kh8
28. Qg3 e5 29. dxe5 Bxc5 30. exf6 Qxf6 31. Qb8+ Kg7 32. Qxb7 Qd6+ 33. Kg1 Qxd3
34. Qxf7+ Kxf7 35. Ne5+ Ke6 36. Nxd3 Bb6 37. Kf1 c5 38. Ke2 c4 39. Nb4 Ke5 40.
Nc2 Ke4 41. g3 Bc5 42. f3+ Ke5 43. g4 Kf4 44. h4 Kg3 45. h5 Kf4 46. Ne1 Kg3 47.
Nc2 Kf4 48. a3 a5 49. a4 h6 50. Ne1 Kg3 51. g5 hxg5 52. Nc2 Kf4 53. h6 Bf8 54.
Ne3 Bxh6 55. Nxc4 {1/2-1/2 Yuneev,A-Vera,R/Leningrad 1989/CBM 14 (55)}) 13...
O-O (13... Qc7 14. c4 c5 15. d5 exd5 16. cxd5 O-O 17. Bc4 Rad8 $15 {Von
Alvensleben,W-Kiss,P/Dortmund 1991/TD (40)}) 14. Bg5 (14. c4 c5 15. Bb2 Rb8 16.
dxc5 Bxc5 17. Qc2 Be4 18. Qc1 Rb7 19. h3 Bg6 20. Ba3 Qa5 21. Bxc5 Qxc5 22. Nd2
Qe5 23. Bf3 Rc7 24. Nb3 Nd7 25. Re1 Qd6 26. Qe3 Qa3 27. Rec1 Rfc8 28. Be2 h6
29. h4 Nc5 30. h5 Bf5 31. g4 Bh7 32. Rd1 Bc2 33. Rdc1 Bxb3 34. Bd1 Qb2 35. Rcb1
Qf6 36. axb3 Rd8 37. Be2 e5 38. Ra5 Rd4 39. b4 Ne4 40. f3 Ng3 41. Rxe5 Nxe2+
42. Qxe2 Rcxc4 43. Rc5 Qb6 44. Qe8+ Kh7 45. Qxf7 Rxc5 46. Qg6+ Qxg6 47. hxg6+
Kxg6 48. bxc5 Kf6 49. c6 Rc4 50. Ra1 Rxc6 {1/2-1/2 Hansen,S-Kharlov,A/Aalborg
1993/EXT 99 (50)}) 14... Qc7 15. Bd3 c5 16. Qe2 Nd7 17. Rfe1 cxd4 18. cxd4 Bf4
19. Bh4 Bxf3 20. Qxf3 Bxh2+ 21. Kh1 Bf4 22. Re4 Bh6 23. Be7 Ne5 24. dxe5 Qxe7
25. Qh3 Rad8 26. Rg4 f5 27. exf6 Rxf6 28. Rf1 Kh8 29. Bb1 Qc5 30. f4 Qb5 31.
Kg1 Qb6+ 32. Kh2 e5 33. Rh4 exf4 34. Qf3 Qb4 35. Rh3 Re6 36. Qg4 Qe7 37. Qf5
Rg6 38. Qa5 Rg5 39. Re1 Qd6 {0-1 Potapov,A-Galkin,A/St. Petersburg 1998/CBM 67
(39)}) 13. Rb1 Qc7 {'?!' Cifuentes.} (13... Qc8 $8 {Cifuentes} 14. Ne5 O-O 15.
Bf3 Nd5 16. Qb3 Nb6 17. O-O (17. a4 c5) 17... c5 18. Bxb7 Qxb7 $11 {
Gefenas-Grabliauskas, Vilnus 1990}) 14. Bf4 {'!' Cifuentes.} Qxf4 15. Rxb7 {
Wir erreichen die gleiche Stellung wie in der Variante nach 8.0-0 Be7,
allerdings ohne beidseitige Rochade.} Qd6 (15... Nd5 $5) 16. Ne5 O-O 17. Bf3 c5
18. O-O {Jetzt hat Weiß einigen Vorteil, da seine Figuren auf gute Felder
gelangen.} cxd4 19. Qxd4 {'?!' Cifuentes.} (19. cxd4 $1 {Cifuentes}) 19... Qa3
20. Nc6 Bc5 21. Qc4 Bb6 22. g3 {'+/=' Cifuentes.} Rae8 23. Kg2 Nd5 {'!'
Cifuentes.} (23... e5 {Cifuentes} 24. Bd1 $1 (24. Re1 e4 25. Bxe4 Nxe4 26. Rxe4
Rxe4 27. Qxe4 Qxc3 28. Ne7+ Kh8 29. Nd5 Qc6 (29... Qd4 30. Qf3 $14) 30. Re7 h6)
24... e4 25. Bb3 Kh8 26. Rxf7 Rxf7 27. Qxf7 Qc5 28. Qc4 $14) 24. Bxd5 exd5 25.
Qxd5 Re2 26. Qf3 (26. Ne5 {Cifuentes} Qxa2) (26. Nd4 {Cifuentes} Qxa2) 26...
Qxa2 27. Nb4 {'!' Cifuentes.} Qc4 28. Nd5 {Der weiße Springer ist stärker als
der gegnerische Läufer.} Rc2 (28... Rd2 {Cifuentes} 29. Nxb6 axb6 30. Rxb6 Rd3
31. Rc6 $1) 29. h4 {Es droht h4-h5-h6.} h6 $2 {Ein Einsteller.} 30. Ne7+ Kh8 (
30... Kh7 31. Qf5+ $18) 31. Ng6+ $18 fxg6 {'??' Cifuentes.} (31... Kg8 $5 32.
Nxf8 Rxc3 33. Rxf7 (33. Qf5 Qc6+ 34. Kh2 Qxb7 35. Qh7+ Kxf8 36. Re1 Be3 {
'[]' Cifuentes.} 37. Qh8+ Ke7 38. Qxg7 Qf3 {'=' Cifuentes. ist lediglich
Dauerschach.}) (33. Qxf7+ {Cifuentes} Qxf7 34. Rxf7 Kxf7 35. Nd7 Bc7 36. Re1 a5
$15) (33. Rb8 {Cifuentes} Rxf3 34. Nd7+ $11) 33... Rxf3 34. Rxf3 {mit einer
technischen Gewinnstellung, da der schwarze König schnell unter Beschuß gerät,
z.B.} a5 35. Ng6 Qe4 ({RR} 35... Qg4 $1 36. Ne7+ Kh7 $13) 36. h5 a4 37. Rc1 Qe8
38. Rc8 $18) 32. Qxf8+ Qg8 33. Rb8 Qxf8 34. Rxf8+ Kh7 35. Re1 g5 36. h5 Bc5 37.
Rc8 Rxf2+ 38. Kh3 Bf8 39. Ree8 Kg8 40. c4 a5 41. c5 a4 42. c6 a3 43. Rxf8+ 1-0

[Event "RUS-Cup Final"]
[Site "Sochi"]
[Date "1997.09.23"]
[Round "6"]
[White "Aleksandrov, Aleksej"]
[Black "Galkin, Alexander"]
[Result "1/2-1/2"]
[WhiteElo "2660"]
[BlackElo "2540"]
[Annotator "Lutz,C"]
[PlyCount "202"]
[EventDate "1997.09.17"]
[EventType "tourn"]
[EventRounds "11"]
[EventCountry "RUS"]
[EventCategory "13"]
[SourceTitle "CBM 062"]
[Source "ChessBase"]
[SourceDate "1998.01.31"]
[SourceVersion "1"]
[SourceVersionDate "1998.01.31"]
[SourceQuality "1"]

1. d4 d5 2. c4 c6 3. Nc3 Nf6 4. e3 e6 5. Nf3 Nbd7 6. Bd3 dxc4 7. Bxc4 b5 8. Be2
{Aleksandrovs Spezialvariante. M.E. hat Schwarz keine besonderen Probleme.} Bb7
9. O-O Be7 10. e4 b4 11. e5 bxc3 12. exf6 Bxf6 13. bxc3 O-O 14. Rb1 Qc8 15. Ng5
$146 (15. Qb3 {führt zu einem ungefähr ausgeglichenem Endspiel.} Ba6 16. Bxa6
Qxa6 17. Qa3 (17. Qb7 Qxa2 18. Bf4 Nb6 19. Ra1 Qc4 20. Bd6 Rfe8 21. Rfb1 Qxc3
22. Bc7 Nd5 23. Bb8 Qxa1 24. Rxa1 Raxb8 25. Qxa7 h6 26. g3 Rb3 27. Kg2 Rb2 28.
Qd7 Reb8 29. h3 c5 30. dxc5 R2b7 31. Qa4 Bxa1 {Lputian,S-Akopian,V/ARM-ch 1996/
EXT 97/0-1 (52)}) 17... Qxa3 18. Bxa3 Rfb8 19. Bd6 Rb6 20. Rb3 (20. g4 h6 21.
h4 Rc8 22. Rfd1 Bd8 23. c4 Nf6 24. Ne5 Ne4 25. c5 Rxb1 26. Rxb1 Bxh4 27. Rb2 f5
{1/2-1/2 Aleksandrov,A-Akopian,V/EU-chTM 1997/EXP 57/[Lutz]}) 20... Ra6 21. a3
Nb6 22. Nd2 Ra5 23. Rfb1 h6 24. g3 e5 25. Ne4 Rd5 26. Nxf6+ gxf6 27. Bc5 Nd7
28. c4 Nxc5 29. Rb8+ Rd8 30. Rxa8 Rxa8 31. dxc5 Rd8 32. Rb7 {1/2-1/2 Stohl,
I-Akopian,V/Chalkidiki 1992/CBM 32}) 15... Be7 16. Bf3 Ba6 17. Re1 Bc4 18. Qc2
Nf6 19. Bf4 Qa6 {/\ ...Bd3} 20. Rbc1 Rac8 21. Be5 Qxa2 22. Qxa2 Bxa2 23. Ra1
Bd5 24. Rxa7 Bxf3 25. Nxf3 Rfe8 26. h3 c5 $11 27. Rb1 cxd4 28. Bxd4 Bc5 29.
Bxc5 Rxc5 30. Rbb7 Rf8 31. c4 Rxc4 32. Ne5 Rc1+ 33. Kh2 Rc5 34. Nxf7 Rd5 35. f4
Rd7 36. Rxd7 Nxd7 37. Ng5 Nc5 38. Rc7 Na6 39. Rc4 Re8 40. Rc6 Nb4 41. Rd6 Nd5
42. Nxe6 Nf6 43. f5 g6 44. fxg6 hxg6 45. Ra6 Nd5 46. h4 Kf7 47. Ng5+ Kg7 48.
Rd6 Nf6 49. Ra6 Nh5 50. Ra7+ Kf6 51. Rf7+ Ke5 52. g4 Nf6 53. Kg3 Nd5 54. Rg7
Kf6 55. Rd7 Ke5 56. Ra7 Rb8 57. Nf3+ Kd6 58. Rg7 Ne7 59. Nd4 Rf8 60. Nb5+ Ke6
61. Rh7 Rc8 62. Nd4+ Kd6 63. Rf7 Nd5 64. Ra7 Rc3+ 65. Nf3 Rb3 66. Ra6+ Rb6 67.
Ra3 Ke6 68. Rd3 Ra6 69. Ng5+ Ke5 70. Nf7+ Ke4 71. Rb3 Rc6 72. Nh8 Ke5 73. Rf3
Ra6 74. g5 Rb6 75. Ra3 Ke4 76. Nf7 Ne7 77. Nh6 Rb1 78. Ra6 Rb3+ 79. Kg4 Kd5 80.
Ra5+ Ke6 81. Ra6+ Kd5 82. Ra2 Nc6 83. Nf7 Ke6 84. Rf2 Rb4+ 85. Kg3 Ne7 86. Nh6
Rb3+ 87. Kg2 Rb4 88. Rf6+ Kd5 89. Kg3 Rb3+ 90. Kg4 Rb4+ 91. Rf4 Rxf4+ 92. Kxf4
Ke6 93. Ke4 Nd5 94. Ng8 Nc3+ 95. Kf3 Nd5 96. Nh6 Ne7 97. Ke4 Nd5 98. Ng4 Nc3+
99. Kd4 Nb5+ 100. Ke4 Nd6+ 101. Kf4 Nf5 1/2-1/2

[Event "Enghien les Bains 4th"]
[Site "Enghien les Bains"]
[Date "2001.04.18"]
[Round "7"]
[White "Tkachiev, Vladislav"]
[Black "Fressinet, Laurent"]
[Result "0-1"]
[WhiteElo "2672"]
[BlackElo "2575"]
[Annotator "Lutz,C"]
[PlyCount "86"]
[EventDate "2001.04.11"]
[EventType "tourn"]
[EventRounds "9"]
[EventCountry "FRA"]
[EventCategory "17"]
[SourceTitle "CBM 083"]
[Source "ChessBase"]
[SourceDate "2001.07.05"]
[SourceVersion "1"]
[SourceVersionDate "2001.07.05"]
[SourceQuality "1"]

1. d4 {Ftacnik} d5 2. c4 c6 3. Nc3 e6 4. e3 Nf6 5. Nf3 Nbd7 6. Bd3 dxc4 7. Bxc4
b5 8. Bd3 b4 9. Ne4 Be7 10. Nxf6+ Nxf6 11. e4 Bb7 12. O-O O-O 13. e5 Nd7 14.
Be4 Rb8 15. a3 bxa3 (15... a5 $6 16. axb4 axb4 17. Qc2 $5 (17. Be3 {Ftacnik} c5
18. Bxb7 Rxb7 19. d5 exd5 20. Qxd5 Qb6 21. Nd2 $16) 17... h6 18. Be3 $14 {
1/2-1/2 Akesson,R-Grabarczyk,M/Stockholm 2000/CBM 79/[Lutz] (30)}) (15... c5 {
Ftacnik} 16. Bxb7 Rxb7 17. d5 $14) 16. b4 {'!' Ftacnik. Ftacnik: 'This
spirited move has given new lease of life to the well known variation, white
prevents the freeing thrust c6-c5. ' Dieser Zug ist die Idee von Vadim Milov.
Gestützt auf das potentielle Läuferopfer auf h7 will Weiß das befreiende ...
c6-c5 unterbinden. Jedoch spielt Schwarz die stärkste Antwort.} f5 $1 $11 (
16... Bxb4 $2 17. Bxh7+ $1) (16... a5 17. bxa5 Qxa5 18. Bxa3 $1 (18. Bxh7+ $2 {
Milov,V} Kxh7 19. Rxa3 Bxa3 20. Ng5+ Kh6 $19) 18... Qd8 (18... Bxa3 19. Bxh7+
$1 $18) 19. Bxe7 Qxe7 20. Ra7 $16 {1/2-1/2 Milov,V-Hansen,C/Essen 2000/CBM 77/
[Milov,V] (50)}) (16... h6 $5 17. Bb1 $5 (17. Bxa3 c5 $1 18. Bxb7 cxb4 $1 19.
Bxb4 Rxb7 $13) 17... Re8 $2 (17... Bxb4 18. Qd3 f5 19. exf6 Nxf6 $13) 18. Qd3
Nf8 19. Bxa3 $16 {1-0 Avrukh,B-Vera,R/Istanbul 2000/EXT 2001/[Lutz] (40)}) 17.
Bd3 (17. exf6 Nxf6 {und nun hängt der Pb4 wirklich.}) 17... Nb6 {Durch ...
f7-f5 sind die weißen Angriffsaussichten am Königsflügel zunichte gemacht
worden und der Zugang zum Feld e4 bleibt verwehrt. Zwar kommt Schwarz nicht zu
...c6-c5, aber die weißen Bauern b4 und d4 sind schwach und das Feld d5 ist
fest in schwarzer Hand.} 18. Bxa3 Nd5 19. Bc4 Qd7 (19... Qb6 20. Qd3 Rfd8 21.
Rfb1 h6 22. Rb3 Kh8 23. Rab1 Nc7 24. h3 Nd5 25. Kh2 Bc8 26. Qd1 Qc7 27. Kg1 Rb6
28. Ne1 Ba6 29. Bc1 {1/2-1/2 Khalifman,A-Bareev,E/Dortmund 2000/CBM 78 (29)})
20. Qd2 Rfd8 21. Rfb1 Ba8 {Schwarz richtet sein Augenmerk auf den Pb4.} 22. Rb3
Nb6 23. Be2 Nd5 24. Rab1 Rb6 25. Ne1 Nc7 26. Nc2 $2 (26. Nf3 Rdb8 27. Bc4 Nd5
28. Qa2 {und Weiß verteidigt indirekt den Pb4, da er gegen den Pe6 drückt.})
26... c5 $1 $17 {'!!' Ftacnik. Dank dieses Tricks kommt Schwarz materiell in
Vorteil.} 27. bxc5 {'?' Ftacnik. Ftacnik: 'Two mistakes in a row have released
horrible monster from a bottle, white will be left without exchange for no
compensation.'} (27. Qc3 {Ftacnik} Nd5 28. Qg3 cxb4 29. Nxb4 Bxb4 30. Bxb4 Nxb4
31. Rxb4 Qxd4 32. Rxb6 axb6 33. Rc1 $15) (27. Rc1 {Ftacnik} Rdb8 28. Bc4 cxb4
29. Bxb4 Qc6 30. Bf1 Qb7 $17) 27... Qd5 {Mit Angriff gegen b3 und g2.} 28. c6 (
28. Bf3 Rxb3 29. Bxd5 Rxb1+ $19 30. Bc1 Rxd5 $19) (28. Ne3 {Ftacnik} Rxb3 29.
Nxd5 Rxb1+ 30. Bc1 Nxd5 $19) 28... Bxc6 29. Bf1 Rxb3 (29... Bxa3 $2 {Ftacnik}
30. Rxb6 axb6 31. Nxa3 $11) 30. Rxb3 Qxb3 31. Bxe7 Rd7 32. Bc5 Bb5 33. Bxb5
Qxb5 $19 34. Qc1 Nd5 35. Na3 Qb3 36. h4 Nc3 37. Kh2 Ne2 38. Qa1 {Ftacnik:
'With white queen forced into the corner and defend own pieces the prospects
for resistance are minimal. '} a6 39. Bd6 Rb7 40. Qe1 Nxd4 41. Qc1 h5 42. Qd2
Nb5 43. Qg5 Nxd6 0-1